<?xml version="1.0" encoding="UTF-8"?>
<collection xmlns="http://www.loc.gov/MARC21/slim">
 <record>
  <leader>00842cam a2200265 7i4500</leader>
  <controlfield tag="001">0000054458</controlfield>
  <controlfield tag="005">20220412090000.0</controlfield>
  <controlfield tag="007">  Monograph</controlfield>
  <controlfield tag="008">171222s2017      eng</controlfield>
  <datafield tag="020" ind1=" " ind2=" ">
   <subfield code="a">9781591848011 (pbk) </subfield>
  </datafield>
  <datafield tag="040" ind1=" " ind2=" ">
   <subfield code="a">cip</subfield>
  </datafield>
  <datafield tag="090" ind1="0" ind2="0">
   <subfield code="a">HD57.7 </subfield>
   <subfield code="b">SIN 2017</subfield>
  </datafield>
  <datafield tag="100" ind1="1" ind2=" ">
   <subfield code="a">Sinek, Simon </subfield>
   <subfield code="e">author </subfield>
  </datafield>
  <datafield tag="245" ind1="1" ind2="0">
   <subfield code="a">Leaders Eat Last : </subfield>
   <subfield code="b">Why Some Teams Pull Together and Others Don't  </subfield>
   <subfield code="c">Simon Sinek.</subfield>
  </datafield>
  <datafield tag="264" ind1=" " ind2="1">
   <subfield code="a">New York, NY: </subfield>
   <subfield code="b">Portfolio Penguin, </subfield>
   <subfield code="c">2017.</subfield>
  </datafield>
  <datafield tag="300" ind1=" " ind2=" ">
   <subfield code="a">xiii, 350 pages: </subfield>
   <subfield code="b">illustrations; </subfield>
   <subfield code="c">20 cm.</subfield>
  </datafield>
  <datafield tag="336" ind1=" " ind2=" ">
   <subfield code="a">text</subfield>
   <subfield code="2">rdacontent</subfield>
  </datafield>
  <datafield tag="337" ind1=" " ind2=" ">
   <subfield code="a">unmediated</subfield>
   <subfield code="2">rdamedia</subfield>
  </datafield>
  <datafield tag="338" ind1=" " ind2=" ">
   <subfield code="a">volume</subfield>
   <subfield code="2">rdacarrier</subfield>
  </datafield>
  <datafield tag="500" ind1=" " ind2=" ">
   <subfield code="a">Business Guru Collection</subfield>
  </datafield>
  <datafield tag="504" ind1=" " ind2=" ">
   <subfield code="a">Index: page 339; Includes bibliographical references</subfield>
  </datafield>
  <datafield tag="650" ind1="1" ind2="0">
   <subfield code="a">Leadership </subfield>
  </datafield>
  <datafield tag="650" ind1="1" ind2="0">
   <subfield code="a">Corporate culture </subfield>
  </datafield>
  <datafield tag="650" ind1="1" ind2="0">
   <subfield code="a">Organizational change </subfield>
  </datafield>
  <datafield tag="856" ind1="4" ind2="2">
   <subfield code="u">www.penguinrandomhouse.com</subfield>
  </datafield>
 </record>
</collection>
